000 00841nam a22001817a 4500
999 _c59255
_d59255
003 Ge_BSU
005 20221223171536.0
008 221223s1979ge xxu||||| |||| 00| 0 geo d
041 _ageo
080 _a821.353.1-1 ი-35
100 _4იეთიმ-გურჯი (დაბღიშვილი, იეთიმ), 1875-1940.
245 _aლექსები /
_cიეთიმ-გურჯი [შემდგ. და ბოლოსიტყვ. ა. ბარნოვი].
264 _aთბილისი :
_bსაბჭ. საქართველო,
_c1979.
300 _a206გვ. :
_bილ. ;
_c16 სმ.
653 _aლექსები
700 _aბარნოვი, ა
_eშემდგენელი და ბოლოსიტყვაობის ავტორი
_916565
942 _2udc
_cBK